Normal view MARC view
  • Freire, Paulo

Entry Personal Name

Number of records used in: 1

001 - CONTROL NUMBER

  • control field: 27674

003 - CONTROL NUMBER IDENTIFIER

  • control field: IN-BhIIT

005 - DATE AND TIME OF LATEST TRANSACTION

  • control field: 20260409214050.0

008 - FIXED-LENGTH DATA ELEMENTS

  • fixed length control field: 260409|| aca||aabn | a|a d

040 ## - CATALOGING SOURCE

  • Original cataloging agency: IN-BhIIT
  • Transcribing agency: IN-BhIIT

100 ## - HEADING--PERSONAL NAME

  • Personal name: Freire, Paulo

670 ## - SOURCE DATA FOUND

  • Source citation: Work cat.: (IN-BhIIT)15474: Freire, Paulo Author, Pedagogy of the Oppressed /, 2017.

Central Library, Indian Institute of Technology Bhubaneswar, 4th Floor, Administrative Building, Argul, Khordha, PIN-752050, Odisha, India
Phone: +91-674-7138750 | Email: circulation.library@iitbbs.ac.in (For circulation related queries),
Email: info.library@iitbbs.ac.in (For other queries)